| 000 | 00454nam a2200169 i 4500 | ||
|---|---|---|---|
| 001 | 137603 | ||
| 003 | ES-MaACL | ||
| 005 | 20230906195415.0 | ||
| 007 | t| | ||
| 008 | 070214s1973 sp a |||| | spa d | ||
| 100 | 1 |
_aSalazar, Salvador. _9161703 |
|
| 245 | 1 | 0 |
_aSecuestro aéreo / _cSalvador Salazar. |
| 250 | _a1ª ed. | ||
| 260 |
_aMadrid : _bPublicaciones Controladas, _c1973. |
||
| 300 |
_a217 p. : _bil. ; _c19 cm. |
||
| 852 |
_aES-MaACL _jC-52859 |
||
| 999 |
_c137603 _d137603 |
||